Manažment obchodných organizácií
Salvato in:
| Autore principale: | |
|---|---|
| Ente Autore: | |
| Altri autori: | , , , , |
| Natura: | Libro |
| Lingua: | slovacco |
| Pubblicazione: |
Bratislava
Vydavateľstvo EKONÓM
2012
|
| Edizione: | 1. vyd. |
| Soggetti: | |
| Tags: |
Nessun Tag, puoi essere il primo ad aggiungerne!!
|
MARC
| LEADER | 00000nam$a2200000$$$4500 | ||
|---|---|---|---|
| 001 | 0161460 | ||
| 005 | 20240502072811.9 | ||
| 020 | |a 978-80-225-3473-4 | ||
| 041 | 0 | |a slo | |
| 044 | |a SK | ||
| 245 | 1 | 0 | |a Manažment obchodných organizácií |c Viera Čihovská, Monika Matušovičová, Eva Hvizdová |
| 250 | |a 1. vyd. | ||
| 264 | 1 | |a Bratislava |b Vydavateľstvo EKONÓM |c 2012 | |
| 300 | |a 302 s. [16,796 AH] | ||
| 610 | 2 | 0 | |a manažment |
| 610 | 2 | 0 | |a obchod |
| 610 | 2 | 0 | |a organizácie obchodné |
| 610 | 2 | 0 | |a plánovanie |
| 610 | 2 | 0 | |a zdroje ľudské |
| 610 | 2 | 0 | |a riadenie |
| 610 | 2 | 0 | |a kontrola |
| 610 | 2 | 0 | |a integrácia |
| 610 | 2 | 0 | |a kooperácia |
| 610 | 2 | 0 | |a plánovanie podnikové |
| 610 | 2 | 0 | |a štruktúra organizačná |
| 610 | 2 | 0 | |a riadenie ľudských zdrojov |
| 610 | 2 | 0 | |a zamestnanci |
| 610 | 2 | 0 | |a motivácia pracovná |
| 610 | 2 | 0 | |a rozhodovanie |
| 610 | 2 | 0 | |a operácie obchodné |
| 610 | 2 | 0 | |a etika podniková |
| 610 | 2 | 0 | |a kultúra podniková |
| 100 | 1 | |a Čihovská, Viera | |
| 700 | 1 | |a Matušovičová, Monika, 1967- | |
| 700 | 1 | |a Hvizdová, Eva, ml. | |
| 700 | 1 | |a Kita, Jaroslav | |
| 700 | 1 | |a Orgonáš, Jozef, 1957- | |
| 700 | 1 | |a Kriváň, Andrej | |
| 710 | 2 | |a Ekonomická univerzita v Bratislave. Obchodná fakulta | |